| 000 | 00806cab a2200241 4500 | ||
|---|---|---|---|
| 001 | WB3205-52 | ||
| 008 | 090401t1996 xxu||||| |||| 00| 0 eng d | ||
| 035 | _a(Sirsi) u14360 | ||
| 041 | _aeng | ||
| 245 | _aBuilder jailed | ||
| 260 | _c1996 | ||
| 350 | _a0 | ||
| 490 |
_aConstruction News _v(6450) 1 February 1996, 3(1) |
||
| 520 | _aRoy Hill is the first person to be jailed for breaking health and safety laws. The Bristol builder was sentenced to three months in prison for dangerous removal of asbestos. | ||
| 650 | _aMANAGEMENT-HEALTH AND SAFETY-HAZARDOUS SUBSTANCES-ASBESTOS | ||
| 650 |
_aHEALTH AND SAFETY _96244 |
||
| 650 | _aHILL ROY | ||
| 650 | _aNEGLIGENCE | ||
| 690 | _aBUILT ENVIRONMENT-BUILDING STANDARDS | ||
| 690 | _aPROFESSIONAL PRACTICE | ||
| 942 | _n0 | ||
| 948 | _c04/03/1997 | ||
| 999 |
_c9343 _d9343 |
||